<?xml version="1.0" encoding="UTF-8"?>
<record
    xmlns:xsi="http://www.w3.org/2001/XMLSchema-instance"
    xsi:schemaLocation="http://www.loc.gov/MARC21/slim http://www.loc.gov/standards/marcxml/schema/MARC21slim.xsd"
    xmlns="http://www.loc.gov/MARC21/slim">

  <leader>00665nam a22002057a 4500</leader>
  <controlfield tag="005">20150124124017.0</controlfield>
  <controlfield tag="008">121105t        mx||||| |||| 00| 0 spa d</controlfield>
  <datafield tag="020" ind1=" " ind2=" ">
    <subfield code="a">9685409285</subfield>
  </datafield>
  <datafield tag="050" ind1="0" ind2="4">
    <subfield code="a">KGF2921</subfield>
    <subfield code="b">G37 2004</subfield>
  </datafield>
  <datafield tag="100" ind1="1" ind2=" ">
    <subfield code="a">Garc&#xED;a Ram&#xED;rez, C&#xE9;sar</subfield>
    <subfield code="d">1972-</subfield>
  </datafield>
  <datafield tag="245" ind1="1" ind2="0">
    <subfield code="a">Teor&#xED;a constitucional /</subfield>
    <subfield code="c">C&#xE9;sar Garc&#xED;a Ram&#xED;rez, Bernardo Garc&#xED;a Camino.</subfield>
  </datafield>
  <datafield tag="250" ind1=" " ind2=" ">
    <subfield code="a">1a ed.</subfield>
  </datafield>
  <datafield tag="260" ind1=" " ind2=" ">
    <subfield code="a">M&#xE9;xico :</subfield>
    <subfield code="b">IURE Editores,</subfield>
    <subfield code="c">r2004</subfield>
  </datafield>
  <datafield tag="300" ind1=" " ind2=" ">
    <subfield code="a">xvii, 260 p. ;</subfield>
    <subfield code="c">23 cm.</subfield>
  </datafield>
  <datafield tag="490" ind1=" " ind2="0">
    <subfield code="a">Textos jur&#xED;dicos</subfield>
  </datafield>
  <datafield tag="504" ind1=" " ind2=" ">
    <subfield code="a">Bibliograf&#xED;a : p. 245-251 e &#xED;ndice</subfield>
  </datafield>
  <datafield tag="650" ind1=" " ind2="4">
    <subfield code="a">Derecho constitucional</subfield>
    <subfield code="z">M&#xE9;xico</subfield>
  </datafield>
  <datafield tag="700" ind1="1" ind2=" ">
    <subfield code="a">Garc&#xED;a Camino, Bernardo,</subfield>
    <subfield code="d">1970-</subfield>
    <subfield code="e">coaut.</subfield>
  </datafield>
  <datafield tag="942" ind1=" " ind2=" ">
    <subfield code="2">lcc</subfield>
    <subfield code="c">LIB</subfield>
  </datafield>
  <datafield tag="999" ind1=" " ind2=" ">
    <subfield code="c">34464</subfield>
    <subfield code="d">34464</subfield>
  </datafield>
  <datafield tag="952" ind1=" " ind2=" ">
    <subfield code="1">0</subfield>
    <subfield code="2">lcc</subfield>
    <subfield code="4">0</subfield>
    <subfield code="7">0</subfield>
    <subfield code="a">BCLC</subfield>
    <subfield code="b">BCLC</subfield>
    <subfield code="c">GENERAL</subfield>
    <subfield code="d">2012-11-05</subfield>
    <subfield code="e">pifi 2010</subfield>
    <subfield code="k">Ciencias sociales y administrativas</subfield>
    <subfield code="o">KGF2921 G37 r2004</subfield>
    <subfield code="p">BCLC000001001</subfield>
    <subfield code="r">2015-01-16 00:00:00</subfield>
    <subfield code="t">1</subfield>
    <subfield code="y">LIB</subfield>
    <subfield code="z">1a. reimpresi&#xF3;n</subfield>
  </datafield>
  <datafield tag="952" ind1=" " ind2=" ">
    <subfield code="1">0</subfield>
    <subfield code="2">lcc</subfield>
    <subfield code="4">0</subfield>
    <subfield code="7">0</subfield>
    <subfield code="a">BCLC</subfield>
    <subfield code="b">BCLC</subfield>
    <subfield code="c">GENERAL</subfield>
    <subfield code="d">2012-11-05</subfield>
    <subfield code="e">pifi 2010</subfield>
    <subfield code="k">Ciencias sociales y administrativas</subfield>
    <subfield code="o">KGF2921 G37 r2004</subfield>
    <subfield code="p">BCLC000001002</subfield>
    <subfield code="r">2015-01-16 00:00:00</subfield>
    <subfield code="t">2</subfield>
    <subfield code="y">LIB</subfield>
    <subfield code="z">2a. reimpresi&#xF3;n</subfield>
  </datafield>
  <datafield tag="952" ind1=" " ind2=" ">
    <subfield code="1">0</subfield>
    <subfield code="2">lcc</subfield>
    <subfield code="4">0</subfield>
    <subfield code="7">0</subfield>
    <subfield code="a">BCLC</subfield>
    <subfield code="b">BCLC</subfield>
    <subfield code="c">GENERAL</subfield>
    <subfield code="d">2012-11-05</subfield>
    <subfield code="e">pifi 2010</subfield>
    <subfield code="k">Ciencias sociales y administrativas</subfield>
    <subfield code="o">KGF2921 G37 r2004</subfield>
    <subfield code="p">BCLC000001003</subfield>
    <subfield code="r">2015-01-16 00:00:00</subfield>
    <subfield code="t">3</subfield>
    <subfield code="y">LIB</subfield>
    <subfield code="z">2a. reimpresi&#xF3;n</subfield>
  </datafield>
  <datafield tag="952" ind1=" " ind2=" ">
    <subfield code="1">0</subfield>
    <subfield code="2">lcc</subfield>
    <subfield code="4">0</subfield>
    <subfield code="7">0</subfield>
    <subfield code="a">BCLC</subfield>
    <subfield code="b">BCLC</subfield>
    <subfield code="c">GENERAL</subfield>
    <subfield code="d">2012-11-16</subfield>
    <subfield code="e">pifi 2010</subfield>
    <subfield code="k">Ciencias sociales y administrativas</subfield>
    <subfield code="o">KGF2921 G37 r2004</subfield>
    <subfield code="p">BCLC000001455</subfield>
    <subfield code="r">2015-01-16 00:00:00</subfield>
    <subfield code="t">4</subfield>
    <subfield code="y">LIB</subfield>
  </datafield>
  <datafield tag="952" ind1=" " ind2=" ">
    <subfield code="1">0</subfield>
    <subfield code="2">lcc</subfield>
    <subfield code="4">0</subfield>
    <subfield code="7">0</subfield>
    <subfield code="a">LIC-048</subfield>
    <subfield code="b">LIC-048</subfield>
    <subfield code="c">GENERAL</subfield>
    <subfield code="d">2014-09-02</subfield>
    <subfield code="e">PIFI 2012</subfield>
    <subfield code="i">Derecho</subfield>
    <subfield code="k">Ciencias sociales y administrativas</subfield>
    <subfield code="o">KGF2921 G37 r2010</subfield>
    <subfield code="p">FDAR000000206</subfield>
    <subfield code="r">2014-09-02 00:00:00</subfield>
    <subfield code="t">1</subfield>
    <subfield code="y">LIB</subfield>
    <subfield code="z">3a. reimpresi&#xF3;n</subfield>
  </datafield>
  <datafield tag="952" ind1=" " ind2=" ">
    <subfield code="1">0</subfield>
    <subfield code="2">lcc</subfield>
    <subfield code="4">0</subfield>
    <subfield code="7">0</subfield>
    <subfield code="a">LIC-048</subfield>
    <subfield code="b">LIC-048</subfield>
    <subfield code="c">GENERAL</subfield>
    <subfield code="d">2014-09-02</subfield>
    <subfield code="e">PIFI 2012</subfield>
    <subfield code="i">Derecho</subfield>
    <subfield code="k">Ciencias sociales y administrativas</subfield>
    <subfield code="o">KGF2921 G37 c2004</subfield>
    <subfield code="p">FDAR000000207</subfield>
    <subfield code="r">2015-01-16 00:00:00</subfield>
    <subfield code="t">1</subfield>
    <subfield code="y">LIB</subfield>
  </datafield>
</record>
